000 01814nam0a2200397 4500
001 RU\NLR\bibl\1432223
005 20260405191147.0
010 _a978-5-9925-0242-8
_93000
021 _aRU
_b2009-70536
_94376
035 _a(nilc)RSL-KNO-004378433
035 _a(NLR Aleph) 001424134
090 _a1361319
_c1361319
100 _a20090827d2009 |||y0rusy50 ca
101 0 _arus
_aeng
102 _aRU
105 _aa |||||||||
200 1 _aАнглийский с самого начала
_dEnglish from the very beginning
_e[книга для обучения основам английского языка детей дошкольного и младшего школьного возраста]
_fИ. В. Вронская
_zeng
210 _aСанкт-Петербург
_cКАРО
_d2009
215 _a156, [1] с.
_cил.
_d24
225 1 _aEnglish
510 1 _6z73790
_aEnglish from the very beginning
_zeng
606 1 _aАнглийский язык
_jУчебные издания для дошкольного обучения
_9972309
_3RU\NLR\auth\6646032
606 1 _aАнглийский язык
_jУчебные издания для начальной школы
_9972309
_3RU\NLR\auth\6646032
686 _aШ143.21-921
_2rubbk
686 _aЧ491,6(2)7,0
_2rubbk
686 _aЧ411,6(2)382.5Ан.,0
_2rubbk
686 _aШ143.21-93рус1
686 _aШ143.21-93рус21[1/4]
700 1 _4070
_7ca
_8rus
_aВронская
_bИ. В.
_gИрина Владимировна
_966158
_3RU\NLR\auth\7783230
790 1 _4070
_7ba
_8rus
_aVronskaja
_bI. V.
_gIrina Vladimirovna
_966159
_3RU\NLR\auth\7783231
801 0 _aRU
_bРКП
_c20090827
_grcr
801 1 _aRU
_bРГБ
_c20090827
801 2 _aRU
_bNLR
_c20091030
_grcr
942 _cBOOK
980 _aNB